000 02010nam a22002897a 4500
003 SEM
005 20220608072427.0
008 171225b xxu||||| |||| 00| 0 eng d
020 _a9789081926409
040 _aՍԷՄ
_cՍԷՄ
041 1 _aeng.
_aarm.
080 _a002(47.925)/L-23
100 1 _aLane John A.
_q(Լեյն Ջոն Ա.)
245 1 0 _aThe diaspora of Armenian printing. 1512-2012=Հայկական գրատպության սփյուռքը: 1512-2012 թթ.: /
_cJ. Lane; Trl.: A. M. Martirosjan-Mattaar; Edt.: S. van der Veen, N. Atabekyan
246 1 1 _aՀայկական գրատպության սփյուռքը:
_b1512-2012 թթ.:
260 _aAmsterdam:
_aYerevan:
_bBijzondere collecties,
_c2012.
300 _a222 p.;
_bill.; notes; letters;
_c24 cm.
500 _a[Armenia, the alphabet and the art of printing. Armenians print for themselves and Catholics print to covert them. Scholarly and not so scholarly printing offices. Armenian printing offices spread but falter. Armenian printing in Amsterdam. The Amsterdam press moves to Livorno, Marseille and Constantinople, and a new press begins in Amsterdam. Venice and Amsterdam revisited. Armenian printing spreads around the world and reaches the homeland. Scholars, Protestant Missions, the Armenian Apostolic Church and Bible Societies. Westernization, advertising, new fashions ... and Jesuits!]
504 _aNotes p.: 210-215; Select. list of sources p.: 216-217; Chron. of Armenian print. centres p.: 218; Sources for the ill. p.: 219-230.
650 _aArmenian printing
700 1 _aMartirosjan-Mattaar Anna Maria
_4trl.
_q(Մարտիրոսյան-Մատտաար Աննա Մարիա)
700 1 _aVeen Sytze van der
_4edt.
_q(Վեյն Սիտզե վան դեր)
700 1 _aAtabekyan Nerses
_4edt.
_q(Աթաբեկյան Ներսես)
852 _d81
852 _d81
942 _2udc
_cBK
999 _c55723
_d55723